000
00325nam a22001457a 4500
008
221205b ||||| |||| 00| 0 eng d
020
_a
9780697051455
041
_a
eng
080
_2
THIRD EDITION
_a
574
082
_a
574 BRO
100
_a
44.2
101
_a
MJEDIS
245
_a
GENERAL ECOLOGY
_c
BROWER
942
_2
udc
_c
BK
999
_c
59103
_d
59103